[Event "White Rook U14 Final 2019"]
[Site "Sochi"]
[Date "2019.06.06"]
[Round "4.18"]
[White "Demirov, Todor"]
[Black "Kharitonov, Maksim"]
[Result "1-0"]
[WhiteElo "1586"]
[BlackElo "1469"]
[Annotator "NA RC"]
[PlyCount "125"]
[EventDate "2019.06.02"]
[EventCountry "RUS"]
[SourceTitle "playchess.com"]
[Source "ChessBase"]
[SourceQuality "1"]
[TimeControl "5400+30"]

1. e4 {[%emt 0:00:00]} c5 {[%emt 0:00:00]} 2. Nf3 {[%emt 0:00:00]} e6 {[%emt 0:00:00]} 3. c3 {[%emt 0:00:00]} d6 {[%emt 0:00:49]} 4. d4 {[%emt 0:00:00]} Qc7 {[%emt 0:12:33]} 5. Be2 {[%emt 0:01:00]} Nd7 {[%emt 0:00:34]} 6. O-O {[%emt 0:00:19]} Ngf6 {[%emt 0:00:44]} 7. Nbd2 {[%emt 0:01:26]} Be7 {[%emt 0:00:00]} 8. Re1 {[%emt 0:01:51]} O-O {[%emt 0:01:50]} 9. Bf1 {[%emt 0:01:20]} a6 {[%emt 0:06:28]} 10. a4 {[%emt 0:02:47]} b6 {[%emt 0:05:34]} 11. b3 {[%emt 0:13:56]} Bb7 {[%emt 0:00:12]} 12. Bb2 {[%emt 0:00:53]} Rfe8 {[%emt 0:07:07]} 13. c4 {[%emt 0:20:21]} Nf8 {[%emt 0:11:54]} 14. d5 {[%emt 0:01:14]} e5 {[%emt 0:08:26]} 15. Bc3 {[%emt 0:09:15]} Qd7 {[%emt 0:11:55]} 16. b4 {[%emt 0:02:53]} Ng6 {[%emt 0:10:14]} 17. a5 {[%emt 0:16:32]} Bd8 {[%emt 0:00:25]} 18. Nb3 {[%emt 0:02:49]} Rc8 {[%emt 0:07:33]} 19. axb6 {[%emt 0:04:38]} Bxb6 {[%emt 0:00:05]} 20. bxc5 {[%emt 0:00:26]} Bxc5 {[%emt 0:00:05]} 21. Nxc5 {[%emt 0:00:09]} Rxc5 {[%emt 0:00:34]} 22. Qa4 {[%emt 0:00:39]} Qe7 {[%emt 0:03:15]} 23. Rab1 {[%emt 0:02:54]} Bc8 {[%emt 0:01:16]} 24. Nd2 {[%emt 0:06:57]} Ng4 {[%emt 0:02:05]} 25. f3 {[%emt 0:02:18]} Nh6 {[%emt 0:01:19]} 26. Nb3 {[%emt 0:00:52]} Rc7 {[%emt 0:00:11]} 27. Rb2 {[%emt 0:00:54]} f5 {[%emt 0:01:04]} 28. c5 {[%emt 0:00:25]} Rd7 {[%emt 0:00:56]} 29. cxd6 {[%emt 0:01:50]} Qxd6 {[%emt 0:02:01]} 30. Bb4 {[%emt 0:00:30]} Qf6 {[%emt 0:00:54]} 31. Nc5 {[%emt 0:00:18]} Rdd8 {[%emt 0:00:31]} 32. Ba5 {[%emt 0:00:14]} Qe7 {[%emt 0:00:53]} 33. Rc1 {[%emt 0:01:02]} Bd7 {[%emt 0:01:42]} 34. Nxd7 {[%emt 0:00:15]} Rxd7 {[%emt 0:00:37]} 35. d6 {[%emt 0:01:06]} Rxd6 {[%emt 0:01:28]} 36. Bb4 {[%emt 0:00:22]} Qd7 {[%emt 0:00:28]} 37. Qa2+ {[%emt 0:00:34]} Rde6 {[%emt 0:00:22]} 38. Bc4 {[%emt 0:01:28]} Kh8 {[%emt 0:01:35]} 39. Bxe6 {[%emt 0:00:00]} Rxe6 {[%emt 0:00:17]} 40. Rd2 {[%emt 0:00:29]} Qe8 {[%emt 0:00:51]} 41. exf5 {[%emt 0:00:03]} Nxf5 {[%emt 0:00:36]} 42. Qxe6 {[%emt 0:00:48]} Qxe6 {[%emt 0:00:11]} 43. Rd8+ {[%emt 0:01:10]} Qg8 {[%emt 0:00:42]} 44. Rcc8 {[%emt 0:00:05]} Nfe7 {[%emt 0:00:00]} 45. Bxe7 {[%emt 0:00:06]} Nxe7 {[%emt 0:00:22]} 46. Rxg8+ {[%emt 0:00:50]} Nxg8 {[%emt 0:00:00]} 47. Ra8 {[%emt 0:00:00]} h6 {[%emt 0:00:00]} 48. Kf2 {[%emt 0:00:00]} Kh7 {[%emt 0:00:00]} 49. Rxa6 {[%emt 0:00:00]} Ne7 {[%emt 0:00:02]} 50. Re6 {[%emt 0:00:19]} Ng6 {[%emt 0:00:50]} 51. g3 {[%emt 0:00:00]} h5 {[%emt 0:00:00]} 52. h4 {[%emt 0:00:02]} Kh6 {[%emt 0:00:00]} 53. Ke3 {[%emt 0:00:44]} Kh7 {[%emt 0:00:00]} 54. Ke4 {[%emt 0:00:00]} Kh6 {[%emt 0:00:07]} 55. Kf5 {[%emt 0:00:00]} e4 {[%emt 0:00:55]} 56. Rxg6+ {[%emt 0:00:07]} Kh7 {[%emt 0:00:00]} 57. fxe4 {[%emt 0:00:08]} Kh8 {[%emt 0:00:00]} 58. Kg5 {[%emt 0:00:06]} Kg8 {[%emt 0:00:16]} 59. Kxh5 {[%emt 0:00:09]} Kh8 {[%emt 0:00:12]} 60. Ra6 {[%emt 0:00:05]} Kh7 {[%emt 0:00:00]} 61. Ra7 {[%emt 0:00:08]} Kh8 {[%emt 0:00:00]} 62. Kg6 {[%emt 0:00:50]} Kg8 {[%emt 0:00:01]} 63. Ra8# {[%emt 0:00:05]} 1-0

[Event "White Rook U14 Final 2019"]
[Site "Sochi"]
[Date "2019.06.06"]
[Round "4.19"]
[White "Osadchy, Viktor S."]
[Black "Ardenski, Dimitar"]
[Result "0-1"]
[WhiteElo "2110"]
[BlackElo "1280"]
[Annotator "TA"]
[PlyCount "154"]
[EventDate "2019.06.02"]
[EventCountry "RUS"]
[SourceTitle "playchess.com"]
[Source "ChessBase"]
[SourceQuality "1"]

{[%evp 17,153,-12,-19,-91,-34,-129,-114,-119,-19,-16,0,-125,-133,-231,-212,-341,-303,-347,-364,-354,-222,-218,-118,-353,-353,-356,-345,-477,-485,-710,-699,-707,-687,-714,-517,-738,-526,-499,-507,-698,-694,-883,-891,-1330,-933,-1700,-1614,-3065,-3083,-29985,-672,-29989,-1680,-29975,-29982,-29982,-29983,-29988,-29989,-29984,-29948,-12850,-6423,-6412,-6412,-5506,-324,-409,-404,-285,-247,-515,-500,-1731,-1511,-5812,-5214,-29968,-29969,-29970,-29970,-29971,-29971,-29975,-29971,-29974,-29977,-29978,-29979,-29979,-29980,-29980,-29980,-29980,-29981,-29981,-29982,-29982,-29983,-29983,-29984,-29984,-29985,-29985,-29986,-29986,-29987,-29987,-29988,-29988,-29988,-29988,-29989,-29989,-29990,-29990,-29991,-29991,-29992,-29992,-29991,-29993,-29992,-29992,-29993,-29995,-29995,-29995,-29995,-29995,-29995,-29995,-29996,-29996,-29997,-29998,-29999,-29999]} 1. e4 c5 2. Nf3 Nc6 3. d4 cxd4 4. Nxd4 g6 5. Nc3 Bg7 6. Be3 Nf6 7. Be2 O-O 8. Qd2 d5 9. Nxc6 bxc6 10. O-O-O {B34: Sicilian: Accelerated Dragon with 5 Nc3: sidelines} (10. e5 $11 Ng4 11. Bxg4 Bxg4 12. f4) (10. Rd1 Bb7 11. e5 Nd7 12. f4 e6 13. Na4 g5 14. O-O gxf4 15. Rxf4 Nxe5 16. Nc5 Bc8 17. Ra4 Ng6 18. Bh6 {0-1 (34) Clasby,D (2071)-Liang,H (2169) Philadelphia 2018}) 10... Qa5 (10... Qc7 $17) 11. a3 (11. exd5 $15 Rb8 12. Bd4 (12. dxc6 Qb4 $17)) 11... Rb8 $1 $17 12. e5 {Black is better.} Nd7 ({Black should play} 12... Ng4 $17 13. Bxg4 Bxg4) 13. f4 $11 e6 14. Na2 $146 (14. Ne4 $1 $11 {keeps the balance.} Qxd2+ 15. Nxd2) ({Predecessor:} 14. h4 Re8 15. h5 Bf8 16. Nb1 Qc7 17. hxg6 fxg6 18. Rh3 Bc5 {½-½ (49) Alcindor,S (1434)-Grange,J (1892) Le Lamentin 2017}) 14... Qc7 $1 $17 15. Bg4 (15. c3 $17) 15... c5 $40 {[%mdl 128] White is in trouble.} 16. c3 (16. Rhe1 {was called for.}) 16... Ba6 17. Be2 Bxe2 18. Qxe2 d4 19. Bf2 Bh6 (19... f6 $19 {[%cal Rf6e5]} 20. cxd4 cxd4+ 21. Kb1 fxe5) 20. g3 $2 (20. cxd4 $17 cxd4+ 21. Kb1) 20... Nxe5 21. Kb1 Qb7 {Hoping for ...d3.} 22. b4 Nc6 23. Qc4 (23. Rc1 $142 a5 24. b5 Qxb5+ 25. Qxb5 Rxb5+ 26. Ka1) 23... cxb4 24. cxb4 Bg7 25. Rhg1 Rfd8 26. Be1 Na5 27. Qd3 Qd5 28. Nc1 Nc4 29. Bd2 a5 30. Na2 Rd7 31. Rge1 Ra7 32. Bc1 axb4 33. Nxb4 Qc5 (33... Nxa3+ $142 34. Bxa3 Rxb4+ {[%mdl 64] Remove Defender} 35. Bxb4 Qa2+ {[%mdl 64] Double Attack} 36. Kc1 Rc7+ 37. Bc3 Rxc3+ 38. Qxc3 dxc3 39. Rd8+ Bf8 40. Kd1 Qb2 41. Rxe6 c2+ {[%mdl 64] Zwischenzug} 42. Ke2 c1=Q+ 43. Kf3 fxe6 44. h4 Qf1+ 45. Kg4 Qbe2+ 46. Kg5 Qh5+ 47. Kf6 Qf5#) 34. Qb3 {[#]} Rab7 (34... Nxa3+ $142 $1 {[%mdl 512]} 35. Bxa3 {[#]} Rxa3 $1 {[%mdl 512]} 36. Qxa3 Rxb4+ 37. Ka1 d3+ 38. Re5 Bxe5+ 39. fxe5 Qxe5+ 40. Ka2 Qe2+ {[%mdl 64] Double Attack} 41. Rd2 Qxd2+ 42. Ka1 Qe1+ 43. Qc1 Qxc1+ 44. Ka2 Qb2#) 35. Ka2 Rxb4 36. axb4 Rxb4 37. Ba3 Nxa3 38. Rc1 Qa5 39. Rc8+ Bf8 40. Rxf8+ Kxf8 41. Qxa3 Qxa3+ (41... Qd5+ $142 42. Ka1 Qc5) 42. Kxa3 {[%mdl 4096] Endgame KR-KR} Rb5 43. Rd1 Rh5 44. h4 $2 (44. Rd2 {is a better defense.}) 44... Rd5 45. Kb4 (45. Kb2 $142 Ke7 46. Kc2) 45... d3 46. Kc3 {[#]} d2 $1 47. Rxd2 Rxd2 {Black mates.} 48. Kxd2 {KP-KP} Ke7 49. Kd3 Kd6 50. Kd4 f6 51. Ke4 h5 52. Kd4 e5+ 53. Ke4 Ke6 54. Ke3 Kf5 55. Kf3 e4+ 56. Ke3 Kg4 57. Kxe4 Kxg3 58. f5 gxf5+ 59. Kxf5 Kxh4 {KP-KP} 60. Kf4 {[#]} f5 $1 61. Kf3 (61. Kxf5 Kg3) 61... Kg5 62. Kg3 f4+ 63. Kh3 Kf5 64. Kg2 Kg4 65. Kf2 f3 66. Kf1 Kg3 67. Kg1 f2+ 68. Kf1 h4 69. Ke2 Kg2 70. Ke3 f1=Q 71. Kd2 Qf3 72. Kc2 Kf2 73. Kd2 Kf1 74. Kc2 Ke2 75. Kb2 Kd2 76. Ka2 Kc2 {[%cal Rf3a8]} 77. Ka1 Qa3# {Accuracy: White = 19%, Black = 68%.} 0-1

[Event "White Rook U14 Final 2019"]
[Site "Sochi"]
[Date "2019.06.06"]
[Round "4.20"]
[White "Petkova, Irina"]
[Black "Belova, Darya"]
[Result "1/2-1/2"]
[WhiteElo "1207"]
[BlackElo "1163"]
[Annotator "NA RC"]
[PlyCount "117"]
[EventDate "2019.06.02"]
[EventCountry "RUS"]
[SourceTitle "playchess.com"]
[Source "ChessBase"]
[SourceQuality "1"]
[TimeControl "5400+30"]

1. d4 {[%emt 0:00:00]} d5 {[%emt 0:00:00]} 2. Bf4 {[%emt 0:00:00]} e6 {[%emt 0:00:00]} 3. e3 {[%emt 0:00:00]} Bd6 {[%emt 0:00:00]} 4. Bg3 {[%emt 0:00:00]} f5 {[%emt 0:00:00]} 5. Nf3 {[%emt 0:00:00]} Nf6 {[%emt 0:00:00]} 6. c3 {[%emt 0:00:03]} c6 {[%emt 0:00:00]} 7. Ne5 {[%emt 0:00:37]} O-O {[%emt 0:00:00]} 8. f4 {[%emt 0:00:13]} Ne4 {[%emt 0:00:03]} 9. Nd2 {[%emt 0:01:15]} Nd7 {[%emt 0:01:17]} 10. Ndf3 {[%emt 0:00:51]} Ndf6 {[%emt 0:00:14]} 11. Bh4 {[%emt 0:01:23]} Qe8 {[%emt 0:02:38]} 12. Be2 {[%emt 0:00:29]} Bd7 {[%emt 0:01:25]} 13. Nd2 {[%emt 0:06:55]} Nxd2 {[%emt 0:06:06]} 14. Qxd2 {[%emt 0:00:21]} Ne4 {[%emt 0:07:11]} 15. Qd1 {[%emt 0:00:20]} Be7 {[%emt 0:00:59]} 16. Bxe7 {[%emt 0:00:45]} Qxe7 {[%emt 0:01:00]} 17. O-O {[%emt 0:03:54]} Rf6 {[%emt 0:01:10]} 18. Rf3 {[%emt 0:04:48]} Rh6 {[%emt 0:01:56]} 19. Qe1 {[%emt 0:02:39]} Be8 {[%emt 0:03:37]} 20. g4 {[%emt 0:17:35]} fxg4 {[%emt 0:03:23]} 21. Nxg4 {[%emt 0:01:17]} Rg6 {[%emt 0:01:54]} 22. Rh3 {[%emt 0:02:08]} Nf6 {[%emt 0:32:32]} 23. Rg3 {[%emt 0:00:00]} Nxg4 {[%emt 0:07:37]} 24. Rxg4 {[%emt 0:00:00]} Rxg4+ {[%emt 0:00:26]} 25. Bxg4 {[%emt 0:00:05]} Qf6 {[%emt 0:01:18]} 26. Qg3 {[%emt 0:01:35]} Qg6 {[%emt 0:01:55]} 27. Bf3 {[%emt 0:00:16]} Qxg3+ {[%emt 0:00:00]} 28. hxg3 {[%emt 0:00:03]} Bg6 {[%emt 0:01:15]} 29. Kf2 {[%emt 0:00:24]} Kf7 {[%emt 0:01:21]} 30. Rc1 {[%emt 0:02:00]} Rh8 {[%emt 0:00:05]} 31. Rh1 {[%emt 0:00:13]} Ke7 {[%emt 0:01:02]} 32. g4 {[%emt 0:04:43]} Bd3 {[%emt 0:03:25]} 33. a3 {[%emt 0:01:30]} a5 {[%emt 0:06:21]} 34. Be2 {[%emt 0:10:40]} Bxe2 {[%emt 0:02:04]} 35. Kxe2 {[%emt 0:04:00]} Kf6 {[%emt 0:00:46]} 36. Kd3 {[%emt 0:00:06]} b5 {[%emt 0:00:48]} 37. b3 {[%emt 0:00:46]} Kg6 {[%emt 0:00:00]} 38. e4 {[%emt 0:06:08]} Kf7 {[%emt 0:01:24]} 39. exd5 {[%emt 0:00:07]} exd5 {[%emt 0:03:47]} 40. f5 {[%emt 0:02:10]} h6 {[%emt 0:00:31]} 41. Re1 {[%emt 0:01:05]} Re8 {[%emt 0:05:15]} 42. Rxe8 {[%emt 0:02:42]} Kxe8 {[%emt 0:00:06]} 43. Ke3 {[%emt 0:00:20]} Kf7 {[%emt 0:00:04]} 44. Kf4 {[%emt 0:00:07]} Kf6 {[%emt 0:00:07]} 45. a4 {[%emt 0:00:36]} bxa4 {[%emt 0:01:14]} 46. bxa4 {[%emt 0:00:05]} Kf7 {[%emt 0:01:27]} 47. Ke5 {[%emt 0:00:14]} Ke7 {[%emt 0:00:00]} 48. Kf4 {[%emt 0:01:44]} Kf6 {[%emt 0:00:15]} 49. Kf3 {[%emt 0:04:26]} Kf7 {[%emt 0:03:08]} 50. Kg3 {[%emt 0:01:02]} Kf6 {[%emt 0:01:52]} 51. Kh4 {[%emt 0:00:34]} Kf7 {[%emt 0:01:01]} 52. g5 {[%emt 0:00:00]} Ke7 {[%emt 0:01:01]} 53. Kh5 {[%emt 0:06:05]} Kf7 {[%emt 0:00:17]} 54. Kg4 {[%emt 0:02:16]} Ke7 {[%emt 0:00:30]} 55. Kf4 {[%emt 0:02:51]} hxg5+ {[%emt 0:00:24]} 56. Kxg5 {[%emt 0:01:12]} Kf7 {[%emt 0:00:36]} 57. Kg4 {[%emt 0:00:07]} Ke7 {[%emt 0:00:01]} 58. Kf4 {[%emt 0:01:02]} Kf6 {[%emt 0:00:11]} 59. Kg4 {[%emt 0:00:13]} 1/2-1/2

[Event "White Rook U14 Final 2019"]
[Site "Sochi"]
[Date "2019.06.06"]
[Round "4.21"]
[White "Hrbek, Stepan"]
[Black "Lotnik, Vladislav"]
[Result "1-0"]
[WhiteElo "2013"]
[BlackElo "1490"]
[Annotator "NA RC"]
[PlyCount "107"]
[EventDate "2019.06.02"]
[EventCountry "RUS"]
[SourceTitle "playchess.com"]
[Source "ChessBase"]
[SourceQuality "1"]
[TimeControl "5400+30"]

1. Nf3 {[%emt 0:00:00]} d5 {[%emt 0:00:00]} 2. e3 {[%emt 0:00:00]} e6 {[%emt 0:00:00]} 3. c4 {[%emt 0:00:00]} f5 {[%emt 0:00:00]} 4. b3 {[%emt 0:00:19]} Nf6 {[%emt 0:00:00]} 5. Bb2 {[%emt 0:00:09]} Bd6 {[%emt 0:00:26]} 6. d4 {[%emt 0:00:40]} c6 {[%emt 0:00:16]} 7. Bd3 {[%emt 0:00:19]} O-O {[%emt 0:00:26]} 8. O-O {[%emt 0:00:50]} Bd7 {[%emt 0:00:23]} 9. Nc3 {[%emt 0:12:07]} Ne4 {[%emt 0:01:57]} 10. Ne2 {[%emt 0:05:15]} Be8 {[%emt 0:01:33]} 11. Ne5 {[%emt 0:03:37]} Bh5 {[%emt 0:10:26]} 12. f3 {[%emt 0:07:35]} Bxe5 {[%emt 0:01:31]} 13. dxe5 {[%emt 0:05:13]} Nc5 {[%emt 0:03:25]} 14. Nf4 {[%emt 0:02:14]} Qe8 {[%emt 0:01:01]} 15. Ba3 {[%emt 0:04:34]} Nbd7 {[%emt 0:00:22]} 16. cxd5 {[%emt 0:00:23]} cxd5 {[%emt 0:01:15]} 17. Bb5 {[%emt 0:00:48]} Rc8 {[%emt 0:02:42]} 18. Bxc5 {[%emt 0:00:23]} Rxc5 {[%emt 0:00:31]} 19. Bxd7 {[%emt 0:00:08]} Qxd7 {[%emt 0:00:04]} 20. Nxh5 {[%emt 0:00:04]} Rfc8 {[%emt 0:00:45]} 21. Qd4 {[%emt 0:05:39]} Qb5 {[%emt 0:00:50]} 22. Nf4 {[%emt 0:03:38]} Kf7 {[%emt 0:00:36]} 23. Nd3 {[%emt 0:02:16]} Rc2 {[%emt 0:00:12]} 24. Rac1 {[%emt 0:05:57]} Qa5 {[%emt 0:02:20]} 25. Rxc2 {[%emt 0:02:53]} Rxc2 {[%emt 0:02:25]} 26. Nb4 {[%emt 0:07:12]} Rc7 {[%emt 0:00:05]} 27. e4 {[%emt 0:00:35]} dxe4 {[%emt 0:03:04]} 28. fxe4 {[%emt 0:01:40]} g6 {[%emt 0:01:50]} 29. exf5 {[%emt 0:00:24]} gxf5 {[%emt 0:00:28]} 30. g4 {[%emt 0:00:21]} Qc5 {[%emt 0:00:24]} 31. Qxc5 {[%emt 0:04:36]} Rxc5 {[%emt 0:01:26]} 32. Nd3 {[%emt 0:00:17]} Rd5 {[%emt 0:00:07]} 33. Rf3 {[%emt 0:00:43]} Ke7 {[%emt 0:00:45]} 34. gxf5 {[%emt 0:00:09]} exf5 {[%emt 0:00:20]} 35. Kf1 {[%emt 0:00:13]} Rd8 {[%emt 0:00:34]} 36. Ke2 {[%emt 0:02:21]} Ke6 {[%emt 0:01:51]} 37. Rh3 {[%emt 0:00:52]} Rc8 {[%emt 0:00:08]} 38. Ke3 {[%emt 0:00:56]} Rh8 {[%emt 0:00:34]} 39. Rh6+ {[%emt 0:00:05]} Ke7 {[%emt 0:05:13]} 40. Nf4 {[%emt 0:02:05]} Kf7 {[%emt 0:01:51]} 41. Rf6+ {[%emt 0:00:11]} Ke7 {[%emt 0:00:30]} 42. Nd5+ {[%emt 0:00:36]} Kd7 {[%emt 0:01:29]} 43. Rd6+ {[%emt 0:00:11]} Kc8 {[%emt 0:00:08]} 44. e6 {[%emt 0:00:33]} Re8 {[%emt 0:00:08]} 45. e7 {[%emt 0:00:17]} h5 {[%emt 0:00:28]} 46. Kf4 {[%emt 0:00:14]} a5 {[%emt 0:00:15]} 47. Kxf5 {[%emt 0:00:17]} b5 {[%emt 0:00:29]} 48. Ke6 {[%emt 0:00:18]} a4 {[%emt 0:00:10]} 49. Rd7 {[%emt 0:01:12]} axb3 {[%emt 0:00:12]} 50. axb3 {[%emt 0:00:20]} Rxe7+ {[%emt 0:00:22]} 51. Nxe7+ {[%emt 0:00:17]} Kb8 {[%emt 0:00:04]} 52. Nc6+ {[%emt 0:00:00]} Kc8 {[%emt 0:00:09]} 53. Kd6 {[%emt 0:00:00]} b4 {[%emt 0:00:24]} 54. Rc7# {[%emt 0:00:00]} 1-0

[Event "White Rook U14 Final 2019"]
[Site "Sochi"]
[Date "2019.06.06"]
[Round "4.22"]
[White "Kostornichenko, Yana"]
[Black "Soucek, Jan"]
[Result "1-0"]
[WhiteElo "1706"]
[BlackElo "1543"]
[Annotator "NA RC"]
[PlyCount "111"]
[EventDate "2019.06.02"]
[EventCountry "RUS"]
[SourceTitle "playchess.com"]
[Source "ChessBase"]
[SourceQuality "1"]
[TimeControl "5400+30"]

1. e4 {[%emt 0:00:00]} e5 {[%emt 0:00:00]} 2. Nf3 {[%emt 0:00:00]} Nc6 {[%emt 0:00:00]} 3. Bb5 {[%emt 0:00:00]} g6 {[%emt 0:01:01]} 4. c3 {[%emt 0:02:42]} Bg7 {[%emt 0:13:42]} 5. O-O {[%emt 0:00:52]} Nge7 {[%emt 0:01:59]} 6. d3 {[%emt 0:10:16]} O-O {[%emt 0:00:07]} 7. Ba4 {[%emt 0:00:59]} a6 {[%emt 0:00:47]} 8. Be3 {[%emt 0:00:26]} b5 {[%emt 0:03:04]} 9. Bc2 {[%emt 0:00:04]} d6 {[%emt 0:00:41]} 10. Re1 {[%emt 0:01:51]} h6 {[%emt 0:02:50]} 11. a4 {[%emt 0:03:28]} Rb8 {[%emt 0:01:10]} 12. axb5 {[%emt 0:03:38]} axb5 {[%emt 0:00:17]} 13. d4 {[%emt 0:03:21]} Qe8 {[%emt 0:03:20]} 14. Nbd2 {[%emt 0:14:31]} f5 {[%emt 0:02:34]} 15. exf5 {[%emt 0:02:19]} Nxf5 {[%emt 0:00:28]} 16. dxe5 {[%emt 0:00:42]} Nxe5 {[%emt 0:07:41]} 17. Nxe5 {[%emt 0:03:16]} dxe5 {[%emt 0:06:40]} 18. Bc5 {[%emt 0:01:53]} Rf6 {[%emt 0:04:55]} 19. Nf3 {[%emt 0:01:39]} Ra6 {[%emt 0:03:06]} 20. Bb3+ {[%emt 0:06:51]} Kh7 {[%emt 0:01:36]} 21. Rxa6 {[%emt 0:05:36]} Bxa6 {[%emt 0:04:48]} 22. g4 {[%emt 0:05:01]} Nd6 {[%emt 0:06:19]} 23. Bd4 {[%emt 0:05:16]} e4 {[%emt 0:06:53]} 24. Bxg7 {[%emt 0:01:22]} Kxg7 {[%emt 0:00:04]} 25. Qd4+ {[%emt 0:02:28]} Kh7 {[%emt 0:00:43]} 26. Nd2 {[%emt 0:00:32]} Bb7 {[%emt 0:01:35]} 27. Bc2 {[%emt 0:01:06]} Qe6 {[%emt 0:01:18]} 28. f3 {[%emt 0:01:36]} Re8 {[%emt 0:00:35]} 29. Nxe4 {[%emt 0:03:30]} Nxe4 {[%emt 0:01:38]} 30. Bxe4 {[%emt 0:00:07]} Bxe4 {[%emt 0:00:37]} 31. Rxe4 {[%emt 0:00:46]} Qf7 {[%emt 0:00:00]} 32. Rxe8 {[%emt 0:00:56]} Qxe8 {[%emt 0:00:00]} 33. Qe4 {[%emt 0:01:25]} Qd8 {[%emt 0:00:12]} 34. Kf2 {[%emt 0:00:16]} Qd2+ {[%emt 0:00:30]} 35. Qe2 {[%emt 0:00:41]} Qd7 {[%emt 0:01:16]} 36. h4 {[%emt 0:00:05]} b4 {[%emt 0:00:13]} 37. cxb4 {[%emt 0:00:53]} Qd4+ {[%emt 0:00:51]} 38. Kg2 {[%emt 0:01:58]} Qxb4 {[%emt 0:00:04]} 39. h5 {[%emt 0:00:36]} Qd6 {[%emt 0:00:17]} 40. Qc2 {[%emt 0:00:16]} Qb6 {[%emt 0:01:49]} 41. Qxg6+ {[%emt 0:00:39]} Qxg6 {[%emt 0:01:30]} 42. hxg6+ {[%emt 0:00:15]} Kxg6 {[%emt 0:00:06]} 43. Kg3 {[%emt 0:00:07]} Kg5 {[%emt 0:00:03]} 44. f4+ {[%emt 0:00:17]} Kf6 {[%emt 0:01:03]} 45. Kh4 {[%emt 0:00:23]} c5 {[%emt 0:00:08]} 46. g5+ {[%emt 0:00:14]} hxg5+ {[%emt 0:00:09]} 47. fxg5+ {[%emt 0:00:00]} Kg6 {[%emt 0:00:06]} 48. Kg4 {[%emt 0:00:32]} c4 {[%emt 0:00:14]} 49. Kf4 {[%emt 0:00:29]} Kg7 {[%emt 0:00:15]} 50. Ke4 {[%emt 0:00:14]} Kg6 {[%emt 0:00:19]} 51. Kd5 {[%emt 0:02:07]} Kxg5 {[%emt 0:00:04]} 52. Kxc4 {[%emt 0:00:13]} Kf6 {[%emt 0:00:13]} 53. Kb5 {[%emt 0:00:19]} Ke6 {[%emt 0:00:15]} 54. Kc6 {[%emt 0:01:12]} Ke7 {[%emt 0:01:08]} 55. Kc7 {[%emt 0:01:03]} Ke6 {[%emt 0:00:00]} 56. b4 {[%emt 0:00:18]} 1-0